000 00675nam a2200193Ia 4500
008 100122s9999 xx 000 0 und d
082 _b24549
_a291.82
100 _aज्ञानेश्वर
245 _aअनुभवामृत (क. क्र. 32/3 )
250 _a0
260 _bज्ञानेश्वर आत्माराम डेपो
_c1927
300 _a673
520 _aअनुभवामृत
620 _aअनुभवामृत
630 _aअनुभवामृत (क. क्र. 32/3 )
700 _aडोंगरे रा ब
730 _aअनुभवामृत (क. क्र. 32/3 )
942 _cBOOK
999 _c411772
_d411769